[Event "Departementale Loire 2007"]
[Site "Aurec"]
[Date "2007.05.06"]
[Round "3.1"]
[White "Valet, Godeffroy"]
[Black "Bastien, Daniel"]
[Result "0-1"]
[WhiteElo "1999"]
[BlackElo "1780"]
[PlyCount "82"]
[EventDate "2007.05.06"]

1. e4 d6 2. d4 Nc6 3. d5 Ne5 4. f4 Nd7 5. Nf3 g6 6. c4 Bg7 7. Nc3 Ngf6 8. Bd3
Nc5 9. Bc2 O-O 10. O-O Bg4 11. h3 Bxf3 12. Rxf3 Qc8 13. Be3 Nfd7 14. Qe1 c6 15.
g4 cxd5 16. cxd5 Na6 17. Kh1 Nb4 18. Ba4 Nc5 19. Bxc5 Qxc5 20. a3 Na6 21. h4
Qa5 22. Bc2 Bxc3 23. Rxc3 Rac8 24. b4 Qb6 25. h5 Qd4 26. Rd3 Qb2 27. Ba4 Qf6
28. Qg3 Qxa1+ 29. Rd1 Rc1 30. Qd3 Rfc8 31. h6 Rxd1+ 32. Bxd1 Rc1 33. Kg2 Rxd1
34. Qb5 Rg1+ 35. Kf2 Qe1+ 36. Kf3 Qg3+ 37. Ke2 Re1+ 38. Kd2 Qe3+ 39. Kc2 Rc1+
40. Kb2 Qc3+ 41. Ka2 Ra1# 0-1

[Event "Departementale Loire 2007"]
[Site "Aurec"]
[Date "2007.05.06"]
[Round "3.2"]
[White "Kotur, Sava"]
[Black "Joly, Christian"]
[Result "1/2-1/2"]
[WhiteElo "1520"]
[BlackElo "1590"]
[PlyCount "89"]
[EventDate "2007.05.06"]

1. d4 Nf6 2. g3 g6 3. Bg2 Bg7 4. Nf3 O-O 5. O-O d6 6. c3 c6 7. Bg5 Qa5 8. Qc1
Re8 9. Re1 Na6 10. Na3 Qd8 11. Nc2 Nc7 12. a3 Ne6 13. Bh6 Bh8 14. Be3 Ng4 15.
Bd2 Bd7 16. Ne3 Nf6 17. Nc4 b5 18. Ne3 Bg7 19. Nc2 Rb8 20. a4 a6 21. Nb4 a5 22.
Nd3 bxa4 23. Rxa4 c5 24. Ra3 c4 25. Nf4 d5 26. Ne5 Nxf4 27. Bxf4 Nh5 28. Nxd7
Nxf4 29. Nxb8 Nxg2 30. Nc6 Qc7 31. Nxa5 Nxe1 32. Qxe1 Ra8 33. Qa1 e6 34. b4
cxb3 35. Nxb3 Rxa3 36. Qxa3 Qxc3 37. Qa8+ Bf8 38. Qb8 Qe1+ 39. Kg2 Qxe2 40. Nc5
Kg7 41. Nd7 Qe4+ 42. Kg1 Qe1+ 43. Kg2 Qe4+ 44. Kh3 Qf5+ 45. Kg2 1/2-1/2

[Event "Departementale Loire 2007"]
[Site "Aurec"]
[Date "2007.05.06"]
[Round "3.3"]
[White "Furnon, Yannick"]
[Black "Gregoire, Michele"]
[Result "1-0"]
[WhiteElo "1690"]
[BlackElo "1530"]
[PlyCount "88"]
[EventDate "2007.05.06"]

1. d4 d5 2. Nf3 e6 3. Bg5 Be7 4. Bxe7 Qxe7 5. e3 Nf6 6. c3 O-O 7. Nbd2 Nbd7 8.
Bd3 c5 9. O-O c4 10. Bb1 b5 11. Re1 Bb7 12. e4 dxe4 13. Nxe4 Nxe4 14. Bxe4 Bxe4
15. Rxe4 Nf6 16. Re2 Nd5 17. Qd2 h6 18. Rae1 Rae8 19. Re5 Qd7 20. Rh5 f6 21.
Re4 Ne7 22. Rg4 Nf5 23. Rxh6 Nxh6 24. Qxh6 Rf7 25. Qg6 Kf8 26. Qh7 Ke7 27. Rxg7
Rxg7 28. Qxg7+ Kd8 29. Qxf6+ Kc8 30. Qg5 Kb7 31. h4 a6 32. g4 Qh7 33. Qf6 Re7
34. Ng5 Qg7 35. Qxg7 Rxg7 36. f4 Rg6 37. Kg2 Kc6 38. Kg3 Kd5 39. h5 Rh6 40. Nf7
Rh7 41. Ne5 Ke4 42. Ng6 Kd5 43. Kh4 Kd6 44. g5 Kd7 1-0

[Event "Departementale Loire 2007"]
[Site "Aurec"]
[Date "2007.05.06"]
[Round "3.4"]
[White "Oriol, Nicolas"]
[Black "Martin, Julien"]
[Result "1/2-1/2"]
[WhiteElo "1390"]
[BlackElo "1440"]
[PlyCount "67"]
[EventDate "2007.05.06"]

1. e4 e5 2. Nf3 Nf6 3. Bc4 c6 4. O-O d5 5. exd5 cxd5 6. Bb5+ Bd7 7. Bxd7+ Nfxd7
8. Re1 Bd6 9. d4 e4 10. Nfd2 O-O 11. c4 dxc4 12. Nxc4 Qc7 13. Nxd6 Qxd6 14.
Rxe4 Nf6 15. Bf4 Qb4 16. Re2 Nc6 17. Be3 Ng4 18. Nc3 Nxe3 19. fxe3 Qe7 20. Nd5
Qd7 21. e4 Rad8 22. Re3 f5 23. Qb3 Kh8 24. Nf4 Rde8 25. exf5 Rxe3 26. Qxe3 Qxd4
27. Qxd4 Nxd4 28. Ne6 Ne2+ 29. Kf2 Rxf5+ 30. Kxe2 Re5+ 31. Kd3 Rxe6 32. Rc1 h6
33. Rc7 Rb6 34. Kc3 1/2-1/2

[Event "Departementale Loire 2007"]
[Site "Aurec"]
[Date "2007.05.06"]
[Round "3.1"]
[White "Desassis, Gregoire"]
[Black "Deville, Olivier"]
[Result "0-1"]
[WhiteElo "1620"]
[BlackElo "2036"]
[PlyCount "100"]
[EventDate "2007.05.06"]

1. d4 d5 2. Nf3 c6 3. Nbd2 Bf5 4. e3 e6 5. Be2 h6 6. O-O Nd7 7. c4 Bd6 8. c5
Bc7 9. Qb3 Rb8 10. Bd3 Bxd3 11. Qxd3 Ngf6 12. b4 e5 13. e4 O-O 14. Bb2 dxe4 15.
Nxe4 exd4 16. Qxd4 Re8 17. Rfe1 Re6 18. Rad1 Qe7 19. Nxf6+ Nxf6 20. Qc4 Re8 21.
Rxe6 fxe6 22. Be5 Nd5 23. a4 Rf8 24. b5 Bxe5 25. Nxe5 Rf4 26. Qb3 Qg5 27. Nf3
Qf6 28. bxc6 bxc6 29. Qb7 Rxf3 30. gxf3 Qxf3 31. Qb1 Nf4 32. Rd8+ Kf7 33. Qb7+
Kg6 34. Qb1+ Kg5 35. h4+ Kxh4 36. Qf1 Nh3+ 37. Kh2 Qf4+ 38. Kh1 Nxf2+ 39. Kg2
Qg5+ 40. Kxf2 Qxd8 41. Qh1+ Kg5 42. Qxc6 Qd4+ 43. Ke2 e5 44. Qg2+ Kf6 45. Qc6+
Ke7 46. Qc7+ Qd7 47. Qxe5+ Qe6 48. Qe3 Qxe3+ 49. Kxe3 Kd7 50. Kd4 Kc6 0-1

[Event "Departementale Loire 2007"]
[Site "Aurec"]
[Date "2007.05.06"]
[Round "3.2"]
[White "Chabas, Jean-Luc"]
[Black "Desassis, Jean-Francois"]
[Result "0-1"]
[WhiteElo "1570"]
[BlackElo "1530"]
[PlyCount "45"]
[EventDate "2007.05.06"]

1. e4 c5 2. Nf3 d6 3. c3 Qa5 4. Be2 Nf6 5. d3 g6 6. O-O Nc6 7. Bg5 Bg7 8. h3
O-O 9. Qd2 Qb6 10. Re1 e5 11. Qc1 c4 12. Nbd2 cxd3 13. Bxd3 Be6 14. Bc2 Rfd8
15. Nb3 Rd7 16. Qe3 Qxe3 17. Bxe3 Rad8 18. Rad1 b6 19. Nc1 Na5 20. b3 Nc6 21.
Rd2 d5 22. exd5 Nxd5 23. Be4 0-1

[Event "Departementale Loire 2007"]
[Site "Aurec"]
[Date "2007.05.06"]
[Round "3.3"]
[White "Desassis, Maxence"]
[Black "Mialon, Franck"]
[Result "1-0"]
[WhiteElo "1650"]
[BlackElo "1330"]
[PlyCount "61"]
[EventDate "2007.05.06"]

1. d4 d5 2. Nf3 c6 3. e3 e6 4. Bd3 f5 5. b3 Nf6 6. Bb2 Be7 7. Nbd2 O-O 8. O-O
Ne4 9. c4 Bd6 10. Bxe4 fxe4 11. Ne5 Nd7 12. f4 exf3 13. Ndxf3 Qf6 14. Nxd7 Bxd7
15. Ne5 Qh4 16. g3 Qe7 17. Nxd7 Qxd7 18. cxd5 Rxf1+ 19. Qxf1 Rf8 20. Qh3 cxd5
21. Re1 Rf6 22. e4 Rh6 23. Qg4 Qe7 24. exd5 e5 25. Qc8+ Qf8 26. Qxf8+ Kxf8 27.
dxe5 Bc5+ 28. Kg2 g5 29. Rf1+ Kg8 30. e6 Be7 31. Rf7 1-0

[Event "Departementale Loire 2007"]
[Site "Aurec"]
[Date "2007.05.06"]
[Round "3.4"]
[White "Camilliere, Marc"]
[Black "Desassis, Emmeran"]
[Result "1-0"]
[WhiteElo "1199"]
[BlackElo "1080"]
[PlyCount "47"]
[EventDate "2007.05.06"]

1. e4 e6 2. Nf3 Nf6 3. d3 d6 4. Be3 Nc6 5. Be2 g6 6. O-O Bg7 7. Nbd2 O-O 8. Re1
Bd7 9. Nf1 d5 10. exd5 exd5 11. Ng3 Qe7 12. Bg5 Rad8 13. h3 Rfe8 14. Nh2 Qd6
15. Ng4 Re6 16. Qd2 d4 17. Nh6+ Bxh6 18. Bxh6 Kh8 19. Qg5 Ng8 20. Bf3 Rde8 21.
Nh5 Nxh6 22. Rxe6 Bxe6 23. Qf6+ Kg8 24. Qg7# 1-0

[Event "Departementale Loire 2007"]
[Site "St-Chamond"]
[Date "2007.06.03"]
[Round "4.1"]
[White "Zennaf, Karim"]
[Black "Deville, Olivier"]
[Result "1-0"]
[WhiteElo "1950"]
[BlackElo "2036"]
[PlyCount "83"]
[EventDate "2007.??.??"]

1. d4 d5 2. c4 c6 3. Nf3 e6 4. Nc3 f5 5. g3 Nf6 6. Bg2 Bd6 7. Ne5 Nbd7 8. f4
Ne4 9. Nxe4 fxe4 10. Ng4 Nf6 11. Ne3 O-O 12. O-O Nh5 13. a3 a5 14. b3 Bd7 15.
Bd2 Qf6 16. Bc3 g5 17. Ng4 Qg7 18. e3 gxf4 19. exf4 Nf6 20. Ne3 Be8 21. Qd2 Bh5
22. Bxa5 Ng4 23. Bb4 Nxe3 24. Qxe3 Bxb4 25. axb4 b6 26. Ra4 Ra7 27. Rfa1 Rfa8
28. Bh3 Rxa4 29. Bxe6+ Kf8 30. bxa4 Bf7 31. cxd5 cxd5 32. Bd7 Be8 33. Bxe8 Kxe8
34. a5 bxa5 35. Qc3 Qb7 36. bxa5 Rc8 37. Qd2 Rc4 38. a6 Qa7 39. Kg2 Rxd4 40.
Qf2 Rd2 41. Qxd2 d4 42. Ra4 1-0

[Event "Departementale Loire 2007"]
[Site "St-Chamond"]
[Date "2007.06.03"]
[Round "4.2"]
[White "Chabas, Jean-Luc"]
[Black "Garon, Pierre"]
[Result "1-0"]
[WhiteElo "1570"]
[BlackElo "1910"]
[PlyCount "71"]
[EventDate "2007.??.??"]

1. e4 Nf6 2. e5 Nd5 3. c4 Nb6 4. d4 d6 5. f4 dxe5 6. fxe5 Bf5 7. Nf3 e6 8. Be2
Nc6 9. O-O Be7 10. Nc3 O-O 11. Be3 h6 12. a3 a5 13. Qd2 f6 14. Rad1 a4 15. Bd3
fxe5 16. Bxf5 Rxf5 17. Qe2 Qe8 18. d5 exd5 19. cxd5 Nxd5 20. Rxd5 Rd8 21. Rfd1
Rxd5 22. Rxd5 b6 23. Qd3 Qd8 24. h3 Kh8 25. Qe4 Bd6 26. Rxd6 cxd6 27. Qxc6 Qe8
28. Qe4 Rf8 29. Nh4 Qf7 30. Ng6+ Kg8 31. Nxf8 Qxf8 32. Qf3 Qc8 33. Bxb6 Qb8 34.
Qc6 e4 35. Qc7 Qf8 36. Qd8 1-0

[Event "Departementale Loire 2007"]
[Site "St-Chamond"]
[Date "2007.06.03"]
[Round "4.3"]
[White "Petit, Didier"]
[Black "Mialon, Franck"]
[Result "1-0"]
[WhiteElo "1926"]
[BlackElo "1330"]
[PlyCount "45"]
[EventDate "2007.??.??"]

1. d4 d5 2. Nf3 c6 3. Bf4 e6 4. Nbd2 f5 5. e3 Nf6 6. Bd3 Be7 7. c3 O-O 8. Ne5
Nbd7 9. Ndf3 Nxe5 10. Bxe5 Ne4 11. O-O Bf6 12. Qe2 Bxe5 13. Nxe5 Qh4 14. f3 Nd6
15. g3 Qh6 16. e4 f4 17. Kg2 Rf6 18. Ng4 Qg6 19. e5 Nf5 20. exf6 e5 21. dxe5
Qh5 22. Bxf5 Bxf5 23. e6 1-0

[Event "Departementale Loire 2007"]
[Site "St-Chamond"]
[Date "2007.06.03"]
[Round "4.4"]
[White "Camilliere, Marc"]
[Black "Clement, Paul"]
[Result "0-1"]
[WhiteElo "1199"]
[BlackElo "2033"]
[PlyCount "44"]
[EventDate "2007.??.??"]

1. e4 e6 2. d4 d5 3. e5 c5 4. c3 Nc6 5. Be3 Qb6 6. Bd3 Qxb2 7. Nd2 Qxc3 8. Qb1
cxd4 9. Bf4 Nb4 10. Bb5+ Bd7 11. Bxd7+ Kxd7 12. Ngf3 Nc2+ 13. Kf1 Qxa1 14. Ng5
Qxb1+ 15. Nxb1 Nh6 16. g3 Be7 17. Kg2 Bxg5 18. Bxg5 Nf5 19. Rc1 Rac8 20. Nd2
Nce3+ 21. Kg1 Rxc1+ 22. Nf1 Rxf1# 0-1

[Event "Departementale Loire 2007"]
[Site "St-Chamond"]
[Date "2007.06.03"]
[Round "4.1"]
[White "Bastien, Daniel"]
[Black "Desassis, Gregoire"]
[Result "1-0"]
[WhiteElo "1780"]
[BlackElo "1620"]
[PlyCount "83"]
[EventDate "2007.??.??"]

1. c4 e5 2. Nc3 Nc6 3. d3 Bb4 4. Bd2 d6 5. g3 Nge7 6. Bg2 O-O 7. Nf3 Be6 8. O-O
d5 9. cxd5 Bxd5 10. Nxd5 Nxd5 11. Bxb4 Ndxb4 12. Qb3 Qd6 13. a3 Nd5 14. Nd2
Rfd8 15. Qxb7 Rab8 16. Qa6 Rb6 17. Qa4 Nd4 18. Rfe1 Ra6 19. Qd1 Rc6 20. Nc4 Qf6
21. Rc1 Rc5 22. b4 Rc6 23. Bxd5 Rxd5 24. Ne3 Rdd6 25. Nc4 Rd8 26. Na5 Rxc1 27.
Qxc1 Nb5 28. a4 Nd4 29. Qxc7 Qb6 30. Qxb6 axb6 31. Nc4 Nc2 32. Rb1 f6 33. Nxb6
Rb8 34. a5 Kf7 35. Rb2 Nd4 36. Kf1 Ke6 37. e3 Nb5 38. Rc2 Kd6 39. Ke2 Na7 40.
Rc5 Nc6 41. Nc4+ Kc7 42. b5 1-0

[Event "Departementale Loire 2007"]
[Site "St-Chamond"]
[Date "2007.06.03"]
[Round "4.2"]
[White "Desassis, Maxence"]
[Black "Kotur, Sava"]
[Result "0-1"]
[WhiteElo "1650"]
[BlackElo "1520"]
[PlyCount "108"]
[EventDate "2007.??.??"]

1. d4 d5 2. Nf3 g6 3. e3 Bg7 4. Bd3 Nc6 5. a3 Nf6 6. Nbd2 O-O 7. Rb1 a6 8. b3
b5 9. Bb2 b4 10. O-O Re8 11. Re1 a5 12. Bb5 Bd7 13. Bxc6 Bxc6 14. Ne5 Bb7 15.
c4 bxc3 16. Bxc3 c6 17. b4 axb4 18. Bxb4 Qc7 19. Nb3 Nd7 20. Nxd7 Qxd7 21. Nc5
Qc7 22. Qc2 Bc8 23. Qc3 Bf5 24. Rb2 e5 25. Rc1 exd4 26. exd4 Qf4 27. Nb3 h5 28.
Qg3 Qe4 29. Qf3 Qxf3 30. gxf3 Bh3 31. Rxc6 Rxa3 32. Rb1 Raa8 33. Rd6 Rad8 34.
Rxd8 Rxd8 35. Na5 Bf5 36. Rc1 Bh6 37. Re1 Be6 38. Nc6 Ra8 39. Ne7+ Kh7 40. Kg2
Bf8 41. f4 Ra4 42. Re5 Rxb4 43. f5 Bxf5 44. Nxf5 gxf5 45. Rxf5 Kg6 46. Rxd5 Bg7
47. Rd6+ Bf6 48. d5 Rd4 49. Rd7 Be5 50. Rd8 Kf6 51. Rd7 Bf4 52. h3 h4 53. Kf3
Bg5 54. Ke2 Kg7 0-1

[Event "Departementale Loire 2007"]
[Site "St-Chamond"]
[Date "2007.06.03"]
[Round "4.3"]
[White "Gregoire, Michele"]
[Black "Desassis, Jean-Francois"]
[Result "1/2-1/2"]
[WhiteElo "1530"]
[BlackElo "1530"]
[PlyCount "66"]
[EventDate "2007.??.??"]

1. d4 d5 2. Nf3 e6 3. Bf4 f5 4. e3 Nf6 5. Nbd2 Be7 6. c3 O-O 7. Be2 Nbd7 8. h3
Qe8 9. O-O Ne4 10. Nxe4 fxe4 11. Ne5 Nxe5 12. Bxe5 Bf6 13. f4 exf3 14. Bxf3 Bd7
15. Bxc7 Bb5 16. Be2 Rf7 17. Be5 Bxe2 18. Qxe2 Qe7 19. Rf2 Bh4 20. Rxf7 Qxf7
21. Rf1 Qg6 22. Kh2 h6 23. g3 Bf6 24. Bxf6 gxf6 25. Rf4 Kh7 26. e4 dxe4 27.
Qxe4 Qxe4 28. Rxe4 Re8 29. g4 Kg6 30. Kg3 h5 31. h4 hxg4 32. Rxg4+ Kf5 33. Rf4+
Kg6 $11 1/2-1/2

[Event "Departementale Loire 2007"]
[Site "St-Chamond"]
[Date "2007.06.03"]
[Round "4.4"]
[White "Desassis, Emmeran"]
[Black "Oriol, Nicolas"]
[Result "0-1"]
[WhiteElo "1080"]
[BlackElo "1390"]
[PlyCount "98"]
[EventDate "2007.??.??"]

1. d4 Nf6 2. Nf3 g6 3. e3 Bg7 4. Nbd2 d5 5. Be2 O-O 6. b3 b6 7. Bb2 Bb7 8. Rc1
e6 9. Ba3 Re8 10. c4 c6 11. c5 Nbd7 12. b4 Qc7 13. O-O Rec8 14. Re1 h6 15. Bd3
Nh7 16. e4 dxe4 17. Nxe4 Ndf8 18. Rc2 Qd7 19. Bc1 g5 20. Bb2 f5 21. Nd6 Rcb8
22. a4 a5 23. b5 cxb5 24. Bxb5 Bc6 25. Ne5 Bxe5 26. dxe5 Bxb5 27. Nxb5 Qxd1 28.
Rxd1 bxc5 29. Rxc5 Rd8 30. Rxd8 Rxd8 31. Nd6 Rb8 32. Rb5 Ra8 33. Bc3 Nd7 34.
Bxa5 Nhf8 35. Nc4 Rc8 36. Rb4 Nxe5 37. Rb1 Nxc4 38. Bb4 Rb8 39. h3 Nd7 40. Ra1
Rxb4 41. a5 Nxa5 42. Rxa5 Kf7 43. Ra7 Rd4 44. Kh2 Kf6 45. Ra3 Ne5 46. Re3 g4
47. hxg4 Nxg4+ 48. Kg1 Rd1+ 49. Re1 Rxe1# 0-1

[Event "Departementale Loire 2007"]
[Site "St-Chamond"]
[Date "2007.06.03"]
[Round "5.1"]
[White "Desassis, Gregoire"]
[Black "Moleins, Adrien"]
[Result "0-1"]
[WhiteElo "1620"]
[BlackElo "1760"]
[PlyCount "52"]
[EventDate "2007.??.??"]

1. d4 f5 2. c4 Nf6 3. Nc3 e6 4. Bg5 Be7 5. e3 O-O 6. Nf3 d6 7. Bd3 Qe8 8. Nb5
Qd7 9. O-O Ng4 10. Bxe7 Qxe7 11. h3 Nh6 12. d5 e5 13. e4 Na6 14. a3 Nc5 15. b4
fxe4 16. bxc5 exf3 17. cxd6 cxd6 18. g3 Bxh3 19. Re1 Bg2 20. Re3 Qg5 21. Re4
Ng4 22. Rxg4 Qxg4 23. Nxd6 Qh3 24. Bxh7+ Kxh7 25. Qd3+ Kg8 26. Qh7+ Kxh7 0-1

[Event "Departementale Loire 2007"]
[Site "St-Chamond"]
[Date "2007.06.03"]
[Round "5.2"]
[White "Minchilli, Franco"]
[Black "Desassis, Jean-Francois"]
[Result "1-0"]
[WhiteElo "1750"]
[BlackElo "1530"]
[PlyCount "51"]
[EventDate "2007.??.??"]

1. e4 c5 2. f4 Nc6 3. Nf3 d6 4. Bc4 g6 5. Nc3 Nf6 6. d3 Bg7 7. Ng5 O-O 8. O-O
Ng4 9. Ne2 Nd4 10. c3 Nxe2+ 11. Qxe2 a6 12. f5 Ne5 13. Bd5 Qb6 14. fxg6 hxg6
15. h3 e6 16. Bb3 c4+ 17. Be3 cxd3 18. Qf2 Qc7 19. Qh4 Re8 20. Nh7 Re7 21. Nf6+
Bxf6 22. Rxf6 Nd7 23. Rxg6+ fxg6 24. Qxe7 d2 25. Bxe6+ Kh8 26. Bd4+ 1-0

[Event "Departementale Loire 2007"]
[Site "St-Chamond"]
[Date "2007.06.03"]
[Round "5.3"]
[White "Desassis, Maxence"]
[Black "Moleins, Jean-Pierre"]
[Result "0-1"]
[WhiteElo "1650"]
[BlackElo "1710"]
[PlyCount "38"]
[EventDate "2007.??.??"]

1. d4 d5 2. Nf3 Nc6 3. e3 Nf6 4. Nbd2 Bf5 5. b3 Nb4 6. e4 dxe4 7. Nh4 Qxd4 8.
Bb2 Qxb2 9. Nxf5 Nxc2+ 10. Ke2 Nxa1 11. Ne3 O-O-O 12. g3 e6 13. Bh3 Bb4 14.
Qxa1 Qxd2+ 15. Kf1 Qd3+ 16. Kg1 Qe2 17. Bf1 Qe1 18. Qe5 Rd2 19. Qf4 Bd6 0-1

[Event "Departementale Loire 2007"]
[Site "St-Chamond"]
[Date "2007.06.03"]
[Round "5.4"]
[White "Allabrune, Guillaume"]
[Black "Desassis, Emmeran"]
[Result "1-0"]
[WhiteElo "1270"]
[BlackElo "1080"]
[PlyCount "61"]
[EventDate "2007.??.??"]

1. e4 d6 2. Nf3 Nf6 3. Nc3 g6 4. d3 Bg7 5. Be3 Nc6 6. Be2 b6 7. Qd2 Bb7 8.
O-O-O e6 9. Kb1 d5 10. Rdg1 d4 11. Bh6 dxc3 12. bxc3 Rg8 13. Qc1 Ng4 14. Bg5 f6
15. Bd2 Nxf2 16. d4 Nxh1 17. Rxh1 Qd7 18. Re1 Na5 19. Bd3 f5 20. exf5 gxf5 21.
Bxf5 Qb5+ 22. Ka1 Kd8 23. Bxe6 Re8 24. Bg5+ Re7 25. Bxe7+ Kxe7 26. Bd7+ Kd6 27.
Bxb5 Rh8 28. Qa3+ Kd5 29. c4+ Nxc4 30. Bxc4+ Kxc4 31. Qb3# 1-0

[Event "Departementale Loire 2007"]
[Site "St-Chamond"]
[Date "2007.06.03"]
[Round "5.1"]
[White "Deville, Olivier"]
[Black "Bastien, Daniel"]
[Result "1-0"]
[WhiteElo "2036"]
[BlackElo "1780"]
[PlyCount "43"]
[EventDate "2007.??.??"]

1. e4 d6 2. d4 g6 3. Nf3 Bg7 4. Bc4 c6 5. O-O Nf6 6. Nc3 Bg4 7. h3 Bxf3 8. Qxf3
O-O 9. Bd3 Nbd7 10. Be3 Re8 11. Rad1 e5 12. Qe2 exd4 13. Bxd4 Ne5 14. f4 Nxd3
15. cxd3 Nh5 16. Qf2 Bxd4 17. Qxd4 Qb6 18. Qxb6 axb6 19. f5 Rf8 20. f6 Ra5 21.
g4 Rg5 22. Kh2 1-0

[Event "Departementale Loire 2007"]
[Site "St-Chamond"]
[Date "2007.06.03"]
[Round "5.2"]
[White "Kotur, Sava"]
[Black "Chabas, Jean-Luc"]
[Result "0-1"]
[WhiteElo "1520"]
[BlackElo "1570"]
[PlyCount "103"]
[EventDate "2007.??.??"]

1. e4 c6 2. Nf3 d5 3. exd5 cxd5 4. d4 Bg4 5. Be2 e6 6. c3 Qc7 7. O-O Be7 8. Ne5
Bxe2 9. Qxe2 Nf6 10. Nd2 Nbd7 11. Ndf3 O-O 12. Bg5 h6 13. Bh4 Rfd8 14. Bg3 Qb6
15. Rab1 Rac8 16. a3 a6 17. Bh4 Qa7 18. Nxd7 Rxd7 19. Ne5 Rdc7 20. Kh1 b5 21.
Bxf6 Bxf6 22. Qh5 Bxe5 23. Qxe5 Rc4 24. Rbe1 Qe7 25. Re3 a5 26. Rfe1 b4 27. Rg3
Qf8 28. axb4 axb4 29. cxb4 Rxb4 30. b3 Rc6 31. Qe3 Kh8 32. h3 Qb8 33. Rb1 Qb6
34. Rg4 Qc7 35. g3 Rc3 36. Qd2 Rcxb3 37. Rxb3 Rxb3 38. Kg2 Qc3 39. Qxc3 Rxc3
40. Rf4 Kg8 41. h4 Rd3 42. Kf1 Kf8 43. Ke2 Ra3 44. Rf3 Rxf3 45. Kxf3 Ke7 46.
Ke3 Kd6 47. f3 f6 48. f4 e5 49. g4 e4 50. g5 hxg5 51. fxg5 g6 52. Kd2 0-1

[Event "Departementale Loire 2007"]
[Site "St-Chamond"]
[Date "2007.06.03"]
[Round "5.3"]
[White "Mialon, Franck"]
[Black "Gregoire, Michele"]
[Result "0-1"]
[WhiteElo "1330"]
[BlackElo "1530"]
[PlyCount "56"]
[EventDate "2007.??.??"]

1. e4 c5 2. Nf3 d6 3. c3 Nf6 4. d3 Nc6 5. Bg5 e6 6. Bxf6 Qxf6 7. d4 cxd4 8.
cxd4 Be7 9. Bb5 Bd7 10. Bxc6 Bxc6 11. Nc3 O-O 12. O-O Rac8 13. d5 exd5 14. exd5
Bd7 15. Ne4 Qxb2 16. Rb1 Qc2 17. Qe1 b6 18. Qe3 Bf5 19. Neg5 Bxg5 20. Qxg5 Bg6
21. Nd4 Qxa2 22. Ra1 Qc4 23. Nc6 Rxc6 24. dxc6 Qxc6 25. Qe7 a5 26. Rac1 Qe4 27.
Qxf8+ Kxf8 28. Rfe1 Qa8 0-1

[Event "Departementale Loire 2007"]
[Site "St-Chamond"]
[Date "2007.06.03"]
[Round "5.4"]
[White "Oriol, Nicolas"]
[Black "Camilliere, Marc"]
[Result "1/2-1/2"]
[WhiteElo "1390"]
[BlackElo "1199"]
[PlyCount "135"]
[EventDate "2007.??.??"]

1. e4 e5 2. Nf3 d6 3. d4 exd4 4. Bc4 c6 5. Bf4 d5 6. exd5 cxd5 7. Bb5+ Nd7 8.
O-O Bc5 9. Re1+ Ne7 10. Nxd4 O-O 11. Nb3 Bb4 12. c3 a6 13. Bd3 Bc5 14. Nxc5
Nxc5 15. Bc2 Re8 16. Nd2 Ng6 17. Rxe8+ Qxe8 18. Bd6 Qc6 19. Bg3 Ne6 20. Qf1
Nef4 21. Re1 Bd7 22. Bxg6 Nxg6 23. Nf3 Re8 24. Rxe8+ Bxe8 25. Ne5 Nxe5 26. Bxe5
Qa4 27. a3 Qb3 28. Qe2 d4 29. Bxd4 h6 30. Qxe8+ Kh7 31. Qe2 Kg8 32. g4 a5 33.
f4 b5 34. g5 hxg5 35. fxg5 b4 36. cxb4 axb4 37. axb4 Qxb4 38. Qe4 Qc4 39. h4
Qb3 40. h5 Qg3+ 41. Qg2 Qe1+ 42. Kh2 Qh4+ 43. Qh3 Qxd4 44. g6 Qxb2+ 45. Kg3
Qc3+ 46. Kh4 Qxh3+ 47. Kxh3 fxg6 48. hxg6 Kf8 49. Kh4 Kg8 50. Kg4 Kf8 51. Kf4
Ke7 52. Kg5 Ke6 53. Kg4 Kf6 54. Kh5 Kf5 55. Kh4 Kxg6 56. Kg4 Kh6 57. Kh4 g5+
58. Kg4 Kg6 59. Kg3 Kf5 60. Kf3 g4+ 61. Kg3 Kg5 62. Kg2 Kh4 63. Kh2 Kg5 64. Kg3
Kf5 65. Kg2 Kf4 66. Kf2 Ke4 67. Kg2 g3 68. Kxg3 1/2-1/2